| 000 | 01266nam a2200301 i 4500 | ||
|---|---|---|---|
| 001 | bg | ||
| 245 | 0 | 0 |
_aWieś polska dwa lata po wstąpieniu do Unii Europejskiej ze szczególnym uwzględnieniem tzw. Ściany Wschodniej / _cpod red. Andrzeja Stasiaka. |
| 260 |
_aWarszawa : _bKPZK PAN, _c2006. |
||
| 300 |
_a203 s. : _bmapy ; _c21 cm. |
||
| 490 | 1 |
_aBiuletyn / Polska Akademia Nauk. Komitet Przestrzennego Zagospodarowania Kraju, _x0079-3493 ; _vz. 228 |
|
| 500 | _aMateriały z konferencji, która odbyła się w Radzikowie k. Błonia 9-10 maja 2006 r. | ||
| 500 | _aStreszcz. ang. przy ref. | ||
| 504 | _aBibliogr. przy ref. | ||
| 610 | 2 | 9 |
_aUnia Europejska _xa Polska _xrolnictwo _yod 2004 r. |
| 650 | 9 |
_aWieś _xgospodarka _zPolska _yod 2004 r. |
|
| 651 | 9 |
_aPolska Wschodnia _xgospodarka _yod 2004 r. |
|
| 651 | 9 |
_aPolska _xa Unia Europejska _xrolnictwo _yod 2004 r. |
|
| 655 | _aMateriały konferencyjne | ||
| 700 | 1 |
_aSTASIAK, Andrzej _d(1928- ) |
|
| 830 | 0 |
_aBiuletyn (Polska Akademia Nauk. Komitet Przestrzennego Zagospodarowania Kraju) ; _vz. 228 |
|
| 020 | _a8389693313 | ||
| 040 | _cBPK | ||
| 041 | 0 |
_apol _heng |
|
| 080 | _a338.43(438-11:4-67)]"2001/..." | ||
| 920 | _a83-89693-31-3 | ||
| 942 | _cKS | ||
| 008 | s pl f |000 0 pol | ||
| 999 |
_c52500 _d52500 |
||
| 856 |
_uhttp://koha.tu.koszalin.pl/cgi-bin/koha/opac-detail.pl?biblionumber=52500 _yKatalog online BPK |
||